الخطاب الديني للصم : (رقم التسجيلة. 130794)

تفاصيل مارك
000 -الفاتح
عناصر البيانات ثابتة الطول 00734cam a2200205 i 4500
005 - تاريخ ووقت آخر معاملة
حقل ضبط 20251224100522.0
008 - عناصر البيانات ثابتة الطول
عناصر البيانات ثابتة الطول 250721r2014 ua gr 000 0 ara d
020 ## - الترقيم الدولي المعياري للكتب (ردمك)
الترقيم الدولي المعياري للكتب (ردمك) 9789773442354
082 14 - رقم تصنيف ديوي العشري
رقم التصنيف 218.51
رقم المادة ش ر ف
100 1# - مدخل رئيسي – اسم شخصي
الاسم الشخصي شرف، عبد العليم
علاقة الشخص بالعمل/ دوره مؤلف.
245 12 - بيان العنوان
العنوان الخطاب الديني للصم :
بيان المسؤولية تاليف الدكتور عبدالعليم شرف.
بقية العنوان "الفلسفة والتطبيق"
250 ## - بيان الطبعة
بيان الطبعة الطبعة الاولى.
264 1# - بيانات النشر، التوزيع…إلخ
مكان النشر، التوزيع...إلخ القاهرة :
اسم الناشر، الموزع...إلخ دار الآفاق العربية،
تاريخ النشر، التوزيع...إلخ 2014.
300 ## - الوصف المادي
عدد الوحدات المكونة للوعاء 170صفحة.
650 17 - مدخل إضافي بالموضوع - مصطلح موضوعي
مصطلح موضوعي أو اسم جغرافي كعنصر مدخل الوعظ والارشاد.
650 17 - مدخل إضافي بالموضوع - مصطلح موضوعي
مصطلح موضوعي أو اسم جغرافي كعنصر مدخل التوعية الدينية.
650 17 - مدخل إضافي بالموضوع - مصطلح موضوعي
مصطلح موضوعي أو اسم جغرافي كعنصر مدخل الاسلام.
942 ## - بيانات إضافية (كوها)
نوع التنصيف Dewey Decimal Classification
نوع المادة (كوها) كتب
المقتنيات
حالة السحب حالة الفقدان مصدر التصنيف حالة التلف غير قابل للإعارة المكتبة الرئيسية المكتبة الحالية موقع الرف تاريخ التزويد الرقم المتسلسل Total Checkouts رقم الإستدعاء الباركود تاريخ آخر ظهور تاريخ الفاتورة نوع المادة (كوها)
    Dewey Decimal Classification     المكتبة المركزية المكتبة المركزية الإعارة 28/07/2025 1588168   218.51 / ش ر ف PLD00311988 28/07/2025 28/07/2025 كتب
    Dewey Decimal Classification     مكتبة أم قصير والمقابلين العامة مكتبة أم قصير والمقابلين العامة الإعارة 06/01/2015 1588172   218.51/شرف PLD00313706 28/07/2025 06/01/2015 كتب
    Dewey Decimal Classification     مكتبة النصر العامة مكتبة النصر العامة الإعارة 06/01/2015 1588170   218.51/شرف PLD00313704 28/07/2025 06/01/2015 كتب
    Dewey Decimal Classification     مكتبة حمزة العامة مكتبة حمزة العامة الإعارة 06/01/2015 1588169   218.51/شرف PLD00313703 28/07/2025 06/01/2015 كتب
    Dewey Decimal Classification     مكتبة مؤتة مكتبة مؤتة الإعارة 06/01/2015 1588171   218.51/شرف PLD00313705 28/07/2025 06/01/2015 كتب
Implemented & Customized by: BBB with SCIT (Smart Chains for Information Technology)

Powered by Koha